| 000 | 01422nam a2200349 a 4500 | ||
|---|---|---|---|
| 001 | ebr10671063 | ||
| 003 | CaPaEBR | ||
| 006 | m u | ||
| 007 | cr cn||||||||| | ||
| 008 | 100111s2010 nyuad sb 001 0 eng d | ||
| 010 | _z 2009052731 | ||
| 020 | _z9781608769773 (pbk.) | ||
| 020 | _z9781613242544 (e-book) | ||
| 040 |
_aCaPaEBR _cCaPaEBR |
||
| 035 | _a(OCoLC)739703785 | ||
| 050 | 1 | 4 |
_aTP363 _b.K46 2010eb |
| 082 | 0 | 4 |
_a620.1/43 _222 |
| 100 | 1 |
_aKhina, B. B. _q(Boris B.) |
|
| 245 | 1 | 0 |
_aCombustion synthesis of advanced materials _h[electronic resource] / _cB.B. Khina. |
| 260 |
_aNew York : _bNova Science Publishers, _cc2010. |
||
| 300 |
_axii, 110 p. : _bill. |
||
| 490 | 1 | _aChemistry research and applications series | |
| 504 | _aIncludes bibliographical references (p. [93]-103) and index. | ||
| 533 |
_aElectronic reproduction. _bPalo Alto, Calif. : _cebrary, _d2013. _nAvailable via World Wide Web. _nAccess may be limited to ebrary affiliated libraries. |
||
| 650 | 0 | _aSelf-propagating high-temperature synthesis. | |
| 650 | 0 |
_aRefractory materials _xHeat treatment. |
|
| 650 | 0 |
_aRefractory materials _xMathematical models. |
|
| 655 | 7 |
_aElectronic books. _2local |
|
| 710 | 2 | _aebrary, Inc. | |
| 830 | 0 | _aChemistry research and applications series. | |
| 856 | 4 | 0 |
_uhttp://site.ebrary.com/lib/rucke/Doc?id=10671063 _zAn electronic book accessible through the World Wide Web; click to view |
| 999 |
_c62257 _d62257 |
||